7番のりばがある駅 - Statistics

General Stats
  • This quiz has been taken 900 times
    262 since last reset
  • The average score is 53 of 86
Answer Stats
Answer % Correct
札幌
95%
東京
94%
仙台
92%
宇都宮
91%
高崎
91%
大宮
91%
新宿
91%
横浜
91%
品川
90%
名古屋
89%
大阪
89%
旭川
88%
函館
88%
池袋
88%
京都
88%
盛岡
87%
上野
87%
広島
85%
山形
84%
水戸
84%
岡山
84%
博多
84%
千葉
82%
秋田
80%
新大阪
80%
小田原
79%
豊橋
79%
小倉
76%
立川
75%
天王寺
75%
金沢
74%
米原
74%
赤羽
73%
大船
72%
下関
71%
長野
70%
新山口
69%
北千住
68%
熱海
68%
姫路
68%
大分
68%
福山
67%
大崎
66%
西船橋
65%
高松
65%
松本
64%
和歌山
64%
敦賀
63%
大阪梅田
63%
中野
62%
岩国
61%
松戸
60%
尼崎
60%
岩見沢
59%
三島
59%
徳山
59%
三原
58%
取手
57%
滝川
53%
難波
53%
我孫子
52%
大手町
52%
厚狭
48%
大垣
47%
国分寺
46%
大阪上本町
46%
折尾
46%
那須塩原
42%
拝島
42%
春日部
40%
高岡
39%
和歌山市
36%
新白河
35%
桑名
33%
松阪
33%
大牟田
32%
西宮北口
26%
京急川崎
20%
橿原神宮前
20%
長津田
17%
布施
15%
小川町
14%
西鉄二日市
14%
富山駅
8%
広電西広島
8%
西武球場前
7%
No matching quizzes found
Score Distribution
Percent of People with Each Score
Percentile by Number Answered
Your Score History
You have not taken this quiz since the last reset